Statistics for Real People as Oscar-Winning Roles

Click here to take the quiz!

General Stats

  • This quiz has been taken 37 times
  • The average score is 12 of 16

Answer Stats

Answer% Correct
Henry VIII
97%
Margaret Thatcher
97%
Mohandas Gandhi
97%
Queen Elizabeth I
97%
Abraham Lincoln
93%
Freddie Mercury
93%
Stephen Hawking
93%
Ray Charles
90%
Winston Churchill
90%
Idi Amin
83%
Judy Garland
66%
Edith Piaf
45%
Katherine Hepburn
45%
Bela Lugosi
38%
Tammy Faye
34%
Aileen Wuornos
24%

Score Distribution

Percentile by Number Answered

Percent of People with Each Score

Your Score History

You have not taken this quiz